Il ventennale dello scioglimento pacifico della Federazione ceco-slovacca profili storico-politici, costituzionali, internazionali

Podrobná bibliografia
Ďalší autori: Di Gregorio, Angela, 1967- (Zostavovateľ, kompilátor), Vitale, Alessandro, 1961- (Zostavovateľ, kompilátor)
Médium: Kniha
Jazyk:taliančina
Fyzický popis:226 s. 24 cm
Vydavateľské údaje: Santarcangelo di Romagna Maggioli 2013
ISBN:9788838777981 (brož.)
Edícia:Nuovi studi di diritto pubblico estero e comparato
Predmet:

MARC

LEADER 00000nam a2200000 a 4500
001 vtls010585600
003 SK-MaSNL
005 20260426005612.0
008 160610s2013 it f n 100 0 ita
015 |a SNBZSA2015 
020 |a 9788838777981 (brož.) 
035 |a DE3C53BA-E633-4554-A4F1-2436678DE126 
035 |a urn:nbn:sk:snk-aml4m4 
035 |a urn:nbn:sk:snk-am008wj0 
040 |a SNK  |b slo  |c SNK  |e AACR2 
041 0 |a ita 
043 |a e-cs---  |a e-xo---  |a e-xr--- 
044 |a it  |c IT 
072 7 |a 321  |x Politológia  |2 konspekt 
072 7 |a 94(437)  |x Dejiny Československa  |2 konspekt 
080 |a 321.013  |2 2001 
080 |a (437)  |2 2001 
080 |a (437.6)  |2 2001 
080 |a (437.3)  |2 2001 
080 |a 328/329  |2 2001 
080 |a (062.534)  |2 2001 
245 0 0 |a Il ventennale dello scioglimento pacifico della Federazione ceco-slovacca  |b profili storico-politici, costituzionali, internazionali  |c a cura di Angela Di Gregorio, Alessandro Vitale 
260 |a Santarcangelo di Romagna  |b Maggioli  |c 2013 
300 |a 226 s.  |c 24 cm 
490 1 |a Nuovi studi di diritto pubblico estero e comparato 
504 |a Bibliogr. odkazy ; pozn. 
648 7 |a 20. stor.  |2 SNKPH  |9 275975 
648 7 |a 20th century  |2 SNKPHeng  |9 277995 
650 0 7 |a rozpad štátu  |2 SNKPH  |9 124735 
650 0 7 |a State failure  |z Czechoslovakia  |y 1992  |2 SNKPHeng  |9 656252 
650 0 7 |a rozdelenie Československa (1992)  |2 SNKPH  |9 66721 
651 7 |a Partition of Czechoslovakia (1992)  |2 SNK  |9 656253 
651 7 |a Česko  |2 SNKPH  |9 16753 
651 7 |a Czechoslovakia  |x politics and government  |2 SNKPHeng  |9 310362 
651 7 |a Czechia  |x politics and government  |2 SNKPHeng  |9 480345 
651 7 |a Slovensko  |2 SNKPH  |9 14231 
651 7 |a Slovakia  |x politics and government  |2 SNKPHeng  |9 314005 
655 7 |a zborníky konferencií  |2 SNKPH  |9 70153 
655 7 |a Proceedings of conferences  |2 SNKPHeng  |9 265791 
700 1 |a Di Gregorio, Angela,  |d 1967-  |4 com  |9 656254 
700 1 |a Vitale, Alessandro,  |d 1961-  |4 com  |9 656255 
830 0 |a Nuovi studi di diritto pubblico estero e comparato  |9 656256 
919 |a 978-88-387-7798-1 
958 |a ZS 
958 |a NB 
999 |c 1012136  |d 1014066 
952 |a SNK  |b SNK  |y PREZ  |7 0  |p 17A1109694  |o snkSC 159689  |i snk2014/10771  |8 4  |g 25.05  |0 0  |1 0  |4 0  |d 2014-03-26  |f 1  |l 0  |r 2025-08-21 00:00:00  |w 2026-02-24